Loading...
| Philosophy | 0 | 6 | 1 | 1 | 55 | 58 | 93.50 | 2 | 4 | 14.96 | 42.22 |
| Fine Arts - Other | 0 | 5 | 0 | 0 | 50 | 61 | 97.20 | 2 | 3 | 13.24 | 28.89 |
| Literature - American | 0 | 4 | 0 | 1 | 40 | 58 | 89.50 | 1 | 3 | 16.06 | 31.11 |
| Literature - European | 0 | 4 | 0 | 1 | 40 | 42 | 99.50 | 2 | 2 | 13.48 | 28.89 |
| Social Science | 0 | 3 | 0 | 0 | 30 | 16 | 50.33 | 3 | 3 | 18.82 | 28.89 |
| Mythology | 0 | 3 | 0 | 1 | 30 | 60 | 84.33 | 2 | 2 | 13.00 | 26.67 |
| Fine Arts - Classical Music | 0 | 4 | 2 | 0 | 30 | 83 | 100.75 | 2 | 4 | 7.62 | 33.33 |
| History - Other | 0 | 2 | 0 | 0 | 20 | 72 | 103.50 | 0 | 2 | 5.66 | 15.56 |
| Geography | 0 | 2 | 0 | 0 | 20 | 58 | 60.50 | 2 | 2 | 52.12 | 80.00 |
| Science - Chemistry | 0 | 1 | 0 | 1 | 10 | 102 | 102.00 | 0 | 0 | 0.52 | 2.22 |
| History - American | 0 | 1 | 0 | 1 | 10 | 104 | 104.00 | 0 | 0 | 1.72 | 2.22 |
| Science - Other | 0 | 1 | 0 | 0 | 10 | 69 | 69.00 | 0 | 1 | 3.59 | 6.67 |
| Popular Culture | 0 | 1 | 0 | 0 | 10 | 74 | 74.00 | 0 | 0 | 48.25 | 40.00 |
| History - European | 0 | 1 | 0 | 1 | 10 | 114 | 114.00 | 0 | 1 | 1.44 | 6.67 |
| Religion | 0 | 1 | 0 | 0 | 10 | 95 | 95.00 | 0 | 0 | 1.34 | 4.44 |
| Fine Arts - Painting and Sculpture | 0 | 1 | 1 | 0 | 5 | 116 | 116.00 | 0 | 1 | 0.55 | 8.89 |
| Literature - British | 0 | 1 | 1 | 0 | 5 | 109 | 109.00 | 0 | 1 | 2.07 | 8.89 |
| Literature - World | 0 | 1 | 1 | 0 | 5 | 87 | 87.00 | 1 | 1 | 4.11 | 8.89 |
| Science - Biology | 0 | 1 | 1 | 0 | 5 | 97 | 97.00 | 0 | 1 | 1.66 | 6.67 |
| History - World | 0 | 0 | 1 | 0 | -5 | 0.00 | 0 | 0 | 0.00 | 0.00 | |
| Other Academic | 0 | 0 | 1 | 0 | -5 | 0.00 | 0 | 0 | 0.00 | 0.00 |